[Event "Hampshire Major"]
[Site "Eastleigh"]
[Date "2017.11.04"]
[Round "3"]
[White "Smith, Chris"]
[Black "Agostinelli, Dave"]
[Result "0-1"]
[WhiteElo "1696"]
[BlackElo "1688"]
[PlyCount "42"]
[EventDate "2017.11.03"]
[EventType "swiss"]
[EventRounds "6"]
[EventCountry "ENG"]
[SourceTitle "BritBase"]
[Source "John Saunders"]
[SourceDate "2017.11.19"]
[SourceVersion "1"]
[SourceVersionDate "2017.11.19"]
[SourceQuality "1"]

1. c4 g6 2. Nc3 Bg7 3. g3 c5 4. Bg2 Nc6 5. e3 e5 6. Nge2 Nge7 7. d3 d6 8. Ne4 O-O 9. a3 f5 10. N4c3 Be6 11. b3 d5 12. cxd5 Nxd5 13. O-O f4 14. Nxd5 Bxd5 15. Bxd5+ Qxd5 16. e4 Qd7 17. f3 Rad8 18. gxf4 exf4 19. Rb1 Be5 20. Bb2 Qxd3 21. Bxe5 Qe3+ 0-1

[Event "Hampshire Major"]
[Site "Eastleigh"]
[Date "2017.11.04"]
[Round "3"]
[White "Sellen, John R"]
[Black "Stuart, Graham B"]
[Result "1-0"]
[WhiteElo "1608"]
[BlackElo "1696"]
[PlyCount "39"]
[EventDate "2017.11.03"]
[EventType "swiss"]
[EventRounds "6"]
[EventCountry "ENG"]
[SourceTitle "BritBase"]
[Source "John Saunders"]
[SourceDate "2017.11.19"]
[SourceVersion "1"]
[SourceVersionDate "2017.11.19"]
[SourceQuality "1"]

1. f4 e6 2. Nf3 d5 3. e3 c5 4. d4 Nc6 5. c3 Nf6 6. Bd3 Be7 7. Nbd2 cxd4 8. exd4 Nh5 9. g3 Nf6 10. O-O h5 11. Ne5 h4 12. g4 h3 13. g5 Nxe5 14. fxe5 Ne4 15. Bxe4 Bxg5 16. Qf3 f5 17. exf6 gxf6 18. Bc2 Ke7 19. Nb3 Qg8 20. Kh1 1-0

[Event "Hampshire Major"]
[Site "Eastleigh"]
[Date "2017.11.04"]
[Round "3"]
[White "Evans, Thomas"]
[Black "Hudson, Jeremy"]
[Result "0-1"]
[WhiteElo "1640"]
[BlackElo "1656"]
[PlyCount "67"]
[EventDate "2017.11.03"]
[EventType "swiss"]
[EventRounds "6"]
[EventCountry "ENG"]
[SourceTitle "BritBase"]
[Source "John Saunders"]
[SourceDate "2017.11.19"]
[SourceVersion "1"]
[SourceVersionDate "2017.11.19"]
[SourceQuality "1"]

1. e4 d6 2. d4 Nf6 3. Nc3 g6 4. f3 Bg7 5. Be3 c6 6. Qd2 h5 7. O-O-O Qa5 8. Bc4 b5 9. Bb3 e6 10. Nge2 d5 11. e5 Nfd7 12. h4 Nb6 13. g4 b4 14. Nb1 Nc4 15. Bxc4 dxc4 16. a3 c3 17. bxc3 bxa3 18. c4 Qa6 19. Qc3 a2 20. Na3 Bf8 21. Kb2 Bxa3+ 22. Qxa3 Qxc4 23. Nf4 Na6 24. Qxa2 Rb8+ 25. Qb3 Rxb3+ 26. cxb3 Qb5 27. gxh5 gxh5 28. Rdg1 Nb4 29. Kc3 Nd5+ 30. Nxd5 cxd5 31. Rg2 Ba6 32. Bf2 Qd3+ 33. Kb2 Kd7 34. Rhg1 0-1

[Event "Hampshire Major"]
[Site "Eastleigh"]
[Date "2017.11.04"]
[Round "3"]
[White "Dore, Alex"]
[Black "Webb, Chris"]
[Result "0-1"]
[WhiteElo "1816"]
[BlackElo "1752"]
[PlyCount "130"]
[EventDate "2017.11.03"]
[EventType "swiss"]
[EventRounds "6"]
[EventCountry "ENG"]
[SourceTitle "BritBase"]
[Source "John Saunders"]
[SourceDate "2017.11.19"]
[SourceVersion "1"]
[SourceVersionDate "2017.11.19"]
[SourceQuality "1"]

1. e4 c5 2. Nf3 Nc6 3. c3 d6 4. d4 cxd4 5. cxd4 Bg4 6. Be2 Nf6 7. Nc3 e6 8. O-O Be7 9. Be3 O-O 10. Qb3 b6 11. Rfd1 Rc8 12. Rac1 Na5 13. Qa4 Bxf3 14. gxf3 d5 15. e5 Ne8 16. Kh1 Bg5 17. Bxg5 Qxg5 18. Rg1 Qd2 19. Rc2 Qh6 20. Nxd5 Rxc2 21. Ne7+ Kh8 22. Qxc2 Qh4 23. b4 Qxe7 24. bxa5 bxa5 25. Rc1 g6 26. Qc5 Qxc5 27. dxc5 Nc7 28. c6 Rd8 29. Rc2 Rd5 30. f4 Rd4 31. Rb2 Rb4 32. Rd2 Nd5 33. Rc2 Nxf4 34. Bf1 Rb1 35. h3 Rxf1+ 36. Kh2 Nd5 37. Kg2 Ra1 38. c7 Nxc7 39. Rxc7 Rxa2 40. Rxf7 Re2 41. Rxa7 Rxe5 42. Kf3 Rf5+ 43. Ke3 Rh5 44. Kf4 Rf5+ 45. Kg3 h5 46. h4 Kg8 47. f3 Rb5 48. Kf4 Rf5+ 49. Kg3 Kf8 50. Kf2 g5 51. Kg3 gxh4+ 52. Kxh4 Rd5 53. f4 Ke8 54. Kg3 Kd8 55. Kf3 Kc8 56. Re7 Rd6 57. Ra7 Rd5 58. Re7 a4 59. Rxe6 Ra5 60. Re1 a3 61. Ra1 a2 62. Kg3 Kd7 63. Kh4 Ke6 64. f5+ Kxf5 65. Kxh5 Ke4+ 0-1

[Event "Hampshire Major"]
[Site "Eastleigh"]
[Date "2017.11.04"]
[Round "4"]
[White "Brown, Geoffrey M"]
[Black "Foley, Phil"]
[Result "1-0"]
[WhiteElo "1824"]
[BlackElo "1736"]
[PlyCount "73"]
[EventDate "2017.11.03"]
[EventType "swiss"]
[EventRounds "6"]
[EventCountry "ENG"]
[SourceTitle "BritBase"]
[Source "John Saunders"]
[SourceDate "2017.11.19"]
[SourceVersion "1"]
[SourceVersionDate "2017.11.19"]
[SourceQuality "1"]

1. f4 Nf6 2. Nf3 Nc6 3. e3 d6 4. Bb5 Bd7 5. d3 a6 6. Bxc6 Bxc6 7. e4 Nd7 8. O-O e5 9. c4 Be7 10. Nc3 Bf6 11. f5 Nb6 12. Be3 h6 13. Qd2 Bd7 14. a4 c6 15. a5 Nc8 16. b4 Qc7 17. Rfc1 Qb8 18. g4 Qc7 19. Kg2 Qd8 20. Rh1 Qe7 21. h4 Qf8 22. g5 Bd8 23. Qf2 Rb8 24. c5 Be7 25. d4 exd4 26. Bxd4 f6 27. g6 Qg8 28. Rhe1 Kd8 29. Red1 Qf8 30. Rd3 dxc5 31. bxc5 Na7 32. Rad1 Kc8 33. Na4 Bd8 34. Be3 Qe8 35. Rxd7 Qxe4 36. Rxd8+ Rxd8 37. Nb6+ 1-0

[Event "Hampshire Major"]
[Site "Eastleigh"]
[Date "2017.11.04"]
[Round "4"]
[White "Venables, Simon"]
[Black "Piecha, Lucasz"]
[Result "1/2-1/2"]
[WhiteElo "1792"]
[BlackElo "1800"]
[PlyCount "136"]
[EventDate "2017.11.03"]
[EventType "swiss"]
[EventRounds "6"]
[EventCountry "ENG"]
[SourceTitle "BritBase"]
[Source "John Saunders"]
[SourceDate "2017.11.19"]
[SourceVersion "1"]
[SourceVersionDate "2017.11.19"]
[SourceQuality "1"]

1. d4 d5 2. c4 e6 3. Nf3 Nf6 4. Nc3 c6 5. e3 Bd6 6. Bd3 O-O 7. O-O Nbd7 8. b3 e5 9. cxd5 cxd5 10. dxe5 Nxe5 11. Be2 Nxf3+ 12. Bxf3 Bxh2+ 13. Kxh2 Qc7+ 14. Kg1 Qxc3 15. Ba3 Re8 16. Rc1 Qe5 17. Rc5 Be6 18. Re1 Ne4 19. Bxe4 Qxe4 20. Qd4 Rac8 21. Bb2 Qxd4 22. Bxd4 b6 23. Rcc1 Bf5 24. Red1 h5 25. Bb2 Be6 26. Kh2 Rc5 27. Ba3 Ra5 28. Bd6 Rxa2 29. Bg3 g5 30. f4 h4 31. Be1 gxf4 32. exf4 Bg4 33. Rxd5 f6 34. Bxh4 Bf3 35. Rd7 Rxg2+ 36. Kh3 Rg6 37. Rxa7 Bd5 38. Bf2 b5 39. b4 Bc4 40. Rg1 Rxg1 41. Bxg1 Re1 42. Bc5 Re4 43. Kg4 Be6+ 44. Kf3 Rc4 45. Re7 Bf7 46. Kg4 Kg7 47. Rb7 Rc3 48. Kf5 Rd3 49. Rxb5 Bg6+ 50. Ke6 Bf7+ 51. Ke7 Rf3 52. Bd6 Re3+ 53. Kd8 Kg6 54. Rb6 Rd3 55. Kc7 Rc3+ 56. Rc6 Rb3 57. Be7 Be8 58. Rxf6+ Kg7 59. Rf8 Bf7 60. f5 Rc3+ 61. Kb6 Rf3 62. Rxf7+ Kxf7 63. f6 Ke6 64. b5 Kd7 65. Kb7 Re3 66. b6 Re1 67. Ka6 Ra1+ 68. Kb5 Rf1 1/2-1/2

[Event "Hampshire Major"]
[Site "Eastleigh"]
[Date "2017.11.04"]
[Round "4"]
[White "Hudson, Jeremy"]
[Black "Sawers, Kevin"]
[Result "1/2-1/2"]
[WhiteElo "1656"]
[BlackElo "1624"]
[PlyCount "47"]
[EventDate "2017.11.03"]
[EventType "swiss"]
[EventRounds "6"]
[EventCountry "ENG"]
[SourceTitle "BritBase"]
[Source "John Saunders"]
[SourceDate "2017.11.19"]
[SourceVersion "1"]
[SourceVersionDate "2017.11.19"]
[SourceQuality "1"]

1. d4 Nf6 2. c4 g6 3. Nc3 Bg7 4. e4 d6 5. Nf3 O-O 6. Be2 e5 7. O-O exd4 8. Nxd4 Na6 9. Bg5 c6 10. Rb1 Qe8 11. f3 h6 12. Bf4 Qe7 13. Qd2 Kh7 14. Rbe1 Rd8 15. Bg3 d5 16. e5 Nh5 17. f4 Nxg3 18. hxg3 dxc4 19. Qe3 Qc5 20. Nc2 Qxe3+ 21. Nxe3 b5 22. Bf3 Nc7 23. Bxc6 Rb8 24. Ne4 1/2-1/2

[Event "Hampshire Major"]
[Site "Eastleigh"]
[Date "2017.11.04"]
[Round "4"]
[White "Coburn, Joe"]
[Black "Smith, Chris"]
[Result "1/2-1/2"]
[WhiteElo "1856"]
[BlackElo "1696"]
[PlyCount "54"]
[EventDate "2017.11.03"]
[EventType "swiss"]
[EventRounds "6"]
[EventCountry "ENG"]
[SourceTitle "BritBase"]
[Source "John Saunders"]
[SourceDate "2017.11.19"]
[SourceVersion "1"]
[SourceVersionDate "2017.11.19"]
[SourceQuality "1"]

1. d4 d5 2. c4 e6 3. Nf3 Nf6 4. e3 c5 5. cxd5 Nxd5 6. Bb5+ Bd7 7. Bxd7+ Nxd7 8. Nc3 N7f6 9. O-O Bd6 10. Qa4+ Qd7 11. Qxd7+ Kxd7 12. Nb5 cxd4 13. Nxd6 Kxd6 14. Nxd4 a6 15. b3 Rhd8 16. Ba3+ Kd7 17. Rfd1 Ke8 18. g3 Nc3 19. Re1 Rac8 20. f3 Ng8 21. Ne2 f6 22. Nxc3 Rxc3 23. Rac1 Rcd3 24. Rc7 R3d7 25. Rxd7 Rxd7 26. Re2 Ne7 27. Kf2 Kf7 1/2-1/2

[Event "Hampshire Major"]
[Site "Eastleigh"]
[Date "2017.11.04"]
[Round "4"]
[White "Webb, Chris"]
[Black "Stone, Mark"]
[Result "1/2-1/2"]
[WhiteElo "1752"]
[BlackElo "1568"]
[PlyCount "83"]
[EventDate "2017.11.03"]
[EventType "swiss"]
[EventRounds "6"]
[EventCountry "ENG"]
[SourceTitle "BritBase"]
[Source "John Saunders"]
[SourceDate "2017.11.19"]
[SourceVersion "1"]
[SourceVersionDate "2017.11.19"]
[SourceQuality "1"]

1. d4 d5 2. Bf4 Nf6 3. e3 c5 4. c3 Qb6 5. Qc2 Nc6 6. Nd2 cxd4 7. exd4 Bg4 8. Ngf3 Rc8 9. Be3 e6 10. Be2 Be7 11. O-O O-O 12. h3 Bf5 13. Qb3 Qxb3 14. axb3 h6 15. Bb5 a6 16. Be2 Ne4 17. b4 Nxd2 18. Bxd2 Bf6 19. b5 axb5 20. Bxb5 Ra8 21. Bf4 Rfc8 22. Bd6 Be4 23. Nd2 Bg6 24. Rfe1 Bg5 25. Nf3 Bf6 26. Ne5 Bxe5 27. dxe5 Bc2 28. f4 Be4 29. Ba4 g6 30. Rec1 Bd3 31. b3 b5 32. Rd1 bxa4 33. Rxd3 axb3 34. Rb1 Na5 35. Bb4 Rcb8 36. Rd4 Rb7 37. Rd2 h5 38. Ra1 Rba7 39. Rb2 Kg7 40. Bxa5 Rxa5 41. Rxa5 Rxa5 42. Rxb3 1/2-1/2

[Event "Hampshire Major"]
[Site "Eastleigh"]
[Date "2017.11.04"]
[Round "4"]
[White "Dore, Alex"]
[Black "Evans, Thomas"]
[Result "0-1"]
[WhiteElo "1816"]
[BlackElo "1640"]
[PlyCount "120"]
[EventDate "2017.11.03"]
[EventType "swiss"]
[EventRounds "6"]
[EventCountry "ENG"]
[SourceTitle "BritBase"]
[Source "John Saunders"]
[SourceDate "2017.11.19"]
[SourceVersion "1"]
[SourceVersionDate "2017.11.19"]
[SourceQuality "1"]

1. e4 e5 2. Nf3 Nc6 3. Bb5 a6 4. Ba4 b5 5. Bb3 Nf6 6. O-O Bc5 7. d3 h6 8. h3 O-O 9. a4 Bb7 10. Nc3 b4 11. Nd5 d6 12. Be3 Nd4 13. Nxf6+ Qxf6 14. Nxd4 Bxd4 15. Bxd4 exd4 16. f4 c5 17. Qf3 Qe7 18. Rae1 Rfe8 19. Re2 a5 20. f5 Qe5 21. f6 g6 22. Qg4 d5 23. Rf5 Qe6 24. Bxd5 Bxd5 25. Rxd5 Qxg4 26. hxg4 Rac8 27. Kf2 Red8 28. Rxd8+ Rxd8 29. Kf3 g5 30. b3 Kh7 31. g3 Kg6 32. e5 Rd5 33. e6 Rd8 34. e7 Re8 35. Ke4 Kxf6 36. Kd5 Rxe7 37. Rxe7 Kxe7 38. Kxc5 f5 39. gxf5 h5 40. Kxd4 h4 41. gxh4 gxh4 42. Ke3 Kf6 43. Kf4 h3 44. Kg3 Kxf5 45. Kxh3 Ke5 46. Kg3 Kd4 47. Kf2 Kc3 48. Ke2 Kxc2 49. d4 Kxb3 50. d5 Kxa4 51. d6 b3 52. d7 b2 53. d8=Q b1=Q 54. Qd4+ Qb4 55. Qa1+ Kb3 56. Qd1+ Kb2 57. Kf2 Qf4+ 58. Kg2 Qe4+ 59. Kg3 Qc2 60. Qd5 Qb3+ 0-1

[Event "Hampshire Major"]
[Site "Eastleigh"]
[Date "2017.11.05"]
[Round "5"]
[White "Moore, Gillian A"]
[Black "Brown, Geoffrey M"]
[Result "0-1"]
[WhiteElo "1728"]
[BlackElo "1824"]
[PlyCount "132"]
[EventDate "2017.11.03"]
[EventType "swiss"]
[EventRounds "6"]
[EventCountry "ENG"]
[SourceTitle "BritBase"]
[Source "John Saunders"]
[SourceDate "2017.11.19"]
[SourceVersion "1"]
[SourceVersionDate "2017.11.19"]
[SourceQuality "1"]

1. d4 e6 2. c4 Nf6 3. Nf3 Bb4+ 4. Bd2 Qe7 5. Bxb4 Qxb4+ 6. Qd2 Qxd2+ 7. Nbxd2 d6 8. e4 Nc6 9. Rc1 e5 10. dxe5 dxe5 11. Be2 Bg4 12. h3 Bxf3 13. Bxf3 Nb4 14. O-O Nxa2 15. Ra1 Nb4 16. Nb3 a6 17. Nc5 Rb8 18. g4 g5 19. Rfd1 Ke7 20. Rd2 Rhd8 21. Rad1 Rxd2 22. Rxd2 b6 23. Nb3 c5 24. Kf1 a5 25. Na1 Ne8 26. Be2 Nd6 27. f3 Ne8 28. Ke1 Nc7 29. Bd1 Ne6 30. Be2 h6 31. Nc2 Nxc2+ 32. Rxc2 Rd8 33. Rc3 f6 34. Bf1 Kd7 35. Kd2 Kc6+ 36. Kc1 Nd4 37. Ra3 Ra8 38. Kd2 Rh8 39. Be2 Rd8 40. Kd1 Nxf3+ 41. Rd3 Rxd3+ 42. Bxd3 Nd4 43. Be2 a4 44. Bd3 b5 45. Kc1 bxc4 46. Bxc4 Kb6 47. Kd2 Nf3+ 48. Kc3 Nh4 49. Bf7 Ng2 50. Be8 Nf4 51. Bxa4 Nxh3 52. Bd7 Nf2 53. Bf5 Nd1+ 54. Kb3 Kc6 55. Ka3 Kb5 56. Kb3 c4+ 57. Ka3 Kc5 58. Be6 Kd4 59. Bf5 Ne3 60. Be6 Kxe4 61. Kb4 Kd4 62. Bd7 e4 63. Be6 Nd5+ 64. Ka4 e3 65. b4 cxb3 66. Kxb3 e2 0-1

[Event "Hampshire Major"]
[Site "Eastleigh"]
[Date "2017.11.05"]
[Round "5"]
[White "O'Gorman, Brendan"]
[Black "Carter, John"]
[Result "1/2-1/2"]
[WhiteElo "1808"]
[BlackElo "1680"]
[PlyCount "52"]
[EventDate "2017.11.03"]
[EventType "swiss"]
[EventRounds "6"]
[EventCountry "ENG"]
[SourceTitle "BritBase"]
[Source "John Saunders"]
[SourceDate "2017.11.19"]
[SourceVersion "1"]
[SourceVersionDate "2017.11.19"]
[SourceQuality "1"]

1. Nf3 Nf6 2. c4 g6 3. Nc3 Bg7 4. d4 O-O 5. Bg5 d6 6. e3 Nbd7 7. Qc2 c5 8. d5 Ng4 9. Be2 Re8 10. O-O Nde5 11. Nd2 f5 12. h3 Nf7 13. Bh4 Nf6 14. Rac1 e5 15. dxe6 Bxe6 16. Bf3 g5 17. Bg3 d5 18. cxd5 Nxd5 19. Nxd5 Bxd5 20. Bxd5 Qxd5 21. Nc4 b5 22. Nd6 Nxd6 23. Rfd1 Qxa2 24. Bxd6 c4 25. Qxf5 Qxb2 26. Rb1 Qf6 1/2-1/2

[Event "Hampshire Major"]
[Site "Eastleigh"]
[Date "2017.11.05"]
[Round "5"]
[White "Foley, Phil"]
[Black "Piecha, Lucasz"]
[Result "0-1"]
[WhiteElo "1736"]
[BlackElo "1800"]
[PlyCount "64"]
[EventDate "2017.11.03"]
[EventType "swiss"]
[EventRounds "6"]
[EventCountry "ENG"]
[SourceTitle "BritBase"]
[Source "John Saunders"]
[SourceDate "2017.11.19"]
[SourceVersion "1"]
[SourceVersionDate "2017.11.19"]
[SourceQuality "1"]

1. e4 c5 2. Nf3 g6 3. Nc3 Bg7 4. d4 cxd4 5. Nxd4 Nc6 6. Be3 d6 7. Qd2 Nf6 8. f3 a6 9. O-O-O O-O 10. g4 Nd7 11. h4 Nxd4 12. Bxd4 Ne5 13. Bxe5 Bxe5 14. Nd5 Be6 15. g5 Bxd5 16. Qxd5 Rc8 17. Qb3 Rc6 18. c3 Qc7 19. Rd3 b5 20. a3 b4 21. axb4 a5 22. b5 Rc4 23. Rd5 Rb4 24. Qc2 Rc8 25. Bd3 Qb6 26. Rxe5 dxe5 27. Kb1 a4 28. Qd2 Rb3 29. Bc2 Rxb5 30. Bxa4 Ra5 31. Qc2 Rb8 32. b4 Rba8 0-1

[Event "Hampshire Major"]
[Site "Eastleigh"]
[Date "2017.11.05"]
[Round "5"]
[White "Agostinelli, Dave"]
[Black "Venables, Simon"]
[Result "0-1"]
[WhiteElo "1688"]
[BlackElo "1792"]
[PlyCount "90"]
[EventDate "2017.11.03"]
[EventType "swiss"]
[EventRounds "6"]
[EventCountry "ENG"]
[SourceTitle "BritBase"]
[Source "John Saunders"]
[SourceDate "2017.11.19"]
[SourceVersion "1"]
[SourceVersionDate "2017.11.19"]
[SourceQuality "1"]

1. c4 g6 2. Nf3 Bg7 3. d4 d6 4. e3 Nf6 5. Nc3 O-O 6. h3 Nbd7 7. Be2 Re8 8. e4 e5 9. d5 a5 10. Be3 b6 11. Qd2 Nc5 12. Bxc5 bxc5 13. O-O Nh5 14. Bd3 Nf4 15. Ne2 Bh6 16. Nxf4 Bxf4 17. Qe2 f5 18. Qc2 Qf6 19. exf5 gxf5 20. g3 Bh6 21. Nh4 e4 22. Be2 Re7 23. Qc3 Qf8 24. Kh2 Bg7 25. Qc2 Be5 26. f4 Bd4 27. Rad1 Qf6 28. b3 Rg7 29. Bh5 Bd7 30. Qe2 Kh8 31. Ng2 Rag8 32. g4 fxg4 33. Qxe4 gxh3 34. Ne3 Qh4 35. Bf3 Re8 36. Nf5 Qf6 37. Qxe8+ Bxe8 38. Nxg7 Qxf4+ 39. Kh1 Kxg7 40. Bh5 Qe4+ 41. Bf3 Qc2 42. Rde1 Bg6 43. Re7+ Kh6 44. Re6 Qxa2 45. Be4 Be5 0-1

[Event "Hampshire Major"]
[Site "Eastleigh"]
[Date "2017.11.05"]
[Round "5"]
[White "Wright, Richard"]
[Black "Dray Pearce, Tristan"]
[Result "0-1"]
[WhiteElo "1584"]
[BlackElo "1768"]
[PlyCount "48"]
[EventDate "2017.11.03"]
[EventType "swiss"]
[EventRounds "6"]
[EventCountry "ENG"]
[SourceTitle "BritBase"]
[Source "John Saunders"]
[SourceDate "2017.11.19"]
[SourceVersion "1"]
[SourceVersionDate "2017.11.19"]
[SourceQuality "1"]

1. c4 Nf6 2. g3 g6 3. Nc3 Bg7 4. Bg2 Nc6 5. e4 e5 6. d3 d6 7. Nge2 Bg4 8. f3 Be6 9. Be3 Qd7 10. Qd2 O-O 11. O-O-O a5 12. g4 a4 13. h4 b5 14. Nd5 bxc4 15. dxc4 Rfb8 16. Nec3 Na5 17. Qe2 Bxd5 18. exd5 a3 19. b3 Nxb3+ 20. axb3 Rxb3 21. Na2 Rab8 22. Rd2 Rb1+ 23. Kc2 Qa4+ 24. Kd3 R1b3+ 0-1

[Event "Hampshire Major"]
[Site "Eastleigh"]
[Date "2017.11.05"]
[Round "5"]
[White "Sellen, John R"]
[Black "Hudson, Jeremy"]
[Result "1/2-1/2"]
[WhiteElo "1608"]
[BlackElo "1656"]
[PlyCount "58"]
[EventDate "2017.11.03"]
[EventType "swiss"]
[EventRounds "6"]
[EventCountry "ENG"]
[SourceTitle "BritBase"]
[Source "John Saunders"]
[SourceDate "2017.11.19"]
[SourceVersion "1"]
[SourceVersionDate "2017.11.19"]
[SourceQuality "1"]

1. d4 f5 2. c4 Nf6 3. Nc3 e6 4. g3 d5 5. Bg2 c6 6. cxd5 exd5 7. Nf3 Bd6 8. O-O O-O 9. Bg5 Nbd7 10. Nh4 g6 11. Qc2 Qe8 12. Bh6 Rf7 13. h3 Ne4 14. Bf4 Qe7 15. Nf3 Nef6 16. e3 Ne4 17. Nxe4 fxe4 18. Ng5 Rg7 19. h4 Nf6 20. Nh3 Bxf4 21. Nxf4 Rf7 22. Rae1 Bf5 23. Qd2 Kg7 24. Rc1 h6 25. Bh3 Bxh3 26. Nxh3 Ng4 27. b4 Qd7 28. Kg2 Rf3 29. Ng1 Rff8 1/2-1/2

[Event "Hampshire Major"]
[Site "Eastleigh"]
[Date "2017.11.05"]
[Round "5"]
[White "Evans, Thomas"]
[Black "Coburn, Joe"]
[Result "1-0"]
[WhiteElo "1640"]
[BlackElo "1856"]
[PlyCount "87"]
[EventDate "2017.11.03"]
[EventType "swiss"]
[EventRounds "6"]
[EventCountry "ENG"]
[SourceTitle "BritBase"]
[Source "John Saunders"]
[SourceDate "2017.11.19"]
[SourceVersion "1"]
[SourceVersionDate "2017.11.19"]
[SourceQuality "1"]

1. e4 d6 2. d4 Nf6 3. Nc3 e5 4. dxe5 dxe5 5. Qxd8+ Kxd8 6. Bg5 c6 7. O-O-O+ Ke8 8. Bc4 h6 9. Bh4 Nbd7 10. f3 Bb4 11. Nge2 g5 12. Bf2 Ke7 13. a3 Bc5 14. Bxc5+ Nxc5 15. Ng3 Be6 16. Bxe6 fxe6 17. Rd2 Rad8 18. Rhd1 Rxd2 19. Rxd2 h5 20. b4 Ncd7 21. Nf1 h4 22. h3 Nh5 23. Nd1 Nf4 24. Nfe3 Rf8 25. Ng4 Nxg2 26. Rxg2 Rxf3 27. Nde3 Rxh3 28. Kd2 Rf3 29. Nc4 h3 30. Ngxe5 Nxe5 31. Nxe5 Rxa3 32. Rh2 Rg3 33. Ke2 Kf6 34. Nd3 Kg6 35. Kf2 Rg2+ 36. Rxg2 hxg2 37. Kxg2 Kf6 38. Kf3 b6 39. Kg4 a5 40. bxa5 bxa5 41. e5+ Ke7 42. Nc5 Ke8 43. Kxg5 Kf7 44. Kh6 1-0

[Event "Hampshire Major"]
[Site "Eastleigh"]
[Date "2017.11.05"]
[Round "5"]
[White "Symons, John"]
[Black "Webb, Chris"]
[Result "0-1"]
[WhiteElo "1552"]
[BlackElo "1752"]
[PlyCount "94"]
[EventDate "2017.11.03"]
[EventType "swiss"]
[EventRounds "6"]
[EventCountry "ENG"]
[SourceTitle "BritBase"]
[Source "John Saunders"]
[SourceDate "2017.11.19"]
[SourceVersion "1"]
[SourceVersionDate "2017.11.19"]
[SourceQuality "1"]

1. c4 c5 2. e4 Nc6 3. g3 Nf6 4. Bg2 d6 5. Nc3 e6 6. Nge2 Be7 7. d3 O-O 8. O-O a6 9. h3 Rb8 10. Kh2 Bd7 11. f4 e5 12. f5 b5 13. b3 b4 14. Nb1 Kh8 15. Be3 Ng8 16. Qd2 h6 17. g4 Nd4 18. Ng3 Bg5 19. Bxg5 Qxg5 20. Qxg5 hxg5 21. Nd2 Kh7 22. Nf3 Nxf3+ 23. Bxf3 g6 24. Rf2 gxf5 25. exf5 Ne7 26. Ne4 f6 27. Nxd6 Rfd8 28. Ne4 Rb6 29. Nxc5 Bc6 30. Rd1 Bxf3 31. Rxf3 Nc6 32. Ne6 Nd4 33. Nxd4 Rxd4 34. Kg3 Rbd6 35. c5 R6d5 36. c6 Rc5 37. Re3 Rxc6 38. Rd2 a5 39. h4 gxh4+ 40. Kxh4 Kh6 41. Kg3 Kg5 42. Re4 Rcd6 43. Rg2 Rxd3+ 44. Kf2 Rd2+ 45. Re2 Rxe2+ 46. Kxe2 Rd4 47. Kf3 Rf4+ 0-1

[Event "Hampshire Major"]
[Site "Eastleigh"]
[Date "2017.11.05"]
[Round "5"]
[White "Stuart, Graham B"]
[Black "Smith, Chris"]
[Result "0-1"]
[WhiteElo "1696"]
[BlackElo "1696"]
[PlyCount "74"]
[EventDate "2017.11.03"]
[EventType "swiss"]
[EventRounds "6"]
[EventCountry "ENG"]
[SourceTitle "BritBase"]
[Source "John Saunders"]
[SourceDate "2017.11.19"]
[SourceVersion "1"]
[SourceVersionDate "2017.11.19"]
[SourceQuality "1"]

1. e4 e6 2. d4 d5 3. Nc3 Nf6 4. e5 Nfd7 5. f4 c5 6. Nf3 Nc6 7. Be3 Qb6 8. Na4 Qa5+ 9. c3 cxd4 10. b4 Nxb4 11. cxb4 Bxb4+ 12. Bd2 Bxd2+ 13. Nxd2 b5 14. Nb2 Nc5 15. Nd3 Ne4 16. Qc2 Bd7 17. Qb2 O-O 18. Qb4 Qb6 19. Nf3 Rfc8 20. Qxd4 Qd8 21. Nd2 Rc2 22. Nxe4 Rc4 23. Qb2 Rxe4+ 24. Be2 Qb6 25. Rc1 Rc8 26. Rxc8+ Bxc8 27. Qc3 Ba6 28. Qc5 Qa5+ 29. Kf2 Qxa2 30. Re1 h6 31. g3 b4 32. Nc1 Qd2 33. Qa5 Bxe2 34. Nxe2 Qe3+ 35. Kg2 b3 36. Qb5 Qd2 37. Kf3 Qxe1 0-1

[Event "Hampshire Major"]
[Site "Eastleigh"]
[Date "2017.11.05"]
[Round "5"]
[White "Stone, Mark"]
[Black "Matthew, Ian"]
[Result "0-1"]
[WhiteElo "1568"]
[BlackElo "1672"]
[PlyCount "86"]
[EventDate "2017.11.03"]
[EventType "swiss"]
[EventRounds "6"]
[EventCountry "ENG"]
[SourceTitle "BritBase"]
[Source "John Saunders"]
[SourceDate "2017.11.19"]
[SourceVersion "1"]
[SourceVersionDate "2017.11.19"]
[SourceQuality "1"]

1. e4 c5 2. Nf3 e6 3. Nc3 d5 4. exd5 exd5 5. Bb5+ Bd7 6. Bxd7+ Qxd7 7. O-O Nc6 8. Re1+ Be7 9. d4 c4 10. Bf4 O-O-O 11. Qd2 f6 12. a3 h5 13. h4 Nh6 14. Ne2 Nf7 15. b3 g5 16. Bg3 gxh4 17. Nxh4 Rdg8 18. Qf4 Bd6 19. Qf5 Bxg3 20. Qxd7+ Kxd7 21. Nxg3 cxb3 22. cxb3 Nd6 23. Nf3 h4 24. Ne2 Rg4 25. Kh2 Rhg8 26. Rg1 Ne4 27. Raf1 Ng5 28. Nxg5 R8xg5 29. Rd1 Re4 30. Rge1 Rg8 31. b4 Rge8 32. b5 Na5 33. Rd2 Nb3 34. f3 Nxd2 35. fxe4 Rxe4 36. Kg1 Nc4 37. a4 b6 38. Kf2 Nd6 39. Nc3 Rxd4 40. Rh1 Nf5 41. Ne2 Rxa4 42. g3 hxg3+ 43. Nxg3 Ra2+ 0-1

[Event "Hampshire Major"]
[Site "Eastleigh"]
[Date "2017.11.05"]
[Round "6"]
[White "Brown, Geoffrey M"]
[Black "Venables, Simon"]
[Result "1-0"]
[WhiteElo "1824"]
[BlackElo "1792"]
[PlyCount "47"]
[EventDate "2017.11.03"]
[EventType "swiss"]
[EventRounds "6"]
[EventCountry "ENG"]
[SourceTitle "BritBase"]
[Source "John Saunders"]
[SourceDate "2017.11.19"]
[SourceVersion "1"]
[SourceVersionDate "2017.11.19"]
[SourceQuality "1"]

1. f4 d5 2. Nf3 c5 3. e3 Nc6 4. Bb5 Nf6 5. b3 Bg4 6. Bb2 e6 7. O-O a6 8. Bxc6+ bxc6 9. h3 Bxf3 10. Qxf3 Bd6 11. d3 h5 12. e4 Bc7 13. e5 Ng8 14. f5 Qe7 15. Nd2 h4 16. Nc4 Nh6 17. Nd6+ Kd7 18. fxe6+ fxe6 19. Qe3 Bxd6 20. exd6 Kxd6 21. Rae1 Rhf8 22. Rxf8 Rxf8 23. Ba3 Nf5 24. Bxc5+ 1-0

[Event "Hampshire Major"]
[Site "Eastleigh"]
[Date "2017.11.05"]
[Round "6"]
[White "Piecha, Lucasz"]
[Black "Dray Pearce, Tristan"]
[Result "1-0"]
[WhiteElo "1800"]
[BlackElo "1768"]
[PlyCount "53"]
[EventDate "2017.11.03"]
[EventType "swiss"]
[EventRounds "6"]
[EventCountry "ENG"]
[SourceTitle "BritBase"]
[Source "John Saunders"]
[SourceDate "2017.11.19"]
[SourceVersion "1"]
[SourceVersionDate "2017.11.19"]
[SourceQuality "1"]

1. d4 Nf6 2. c4 e5 3. d5 Bc5 4. e3 d6 5. Nf3 O-O 6. Be2 Nbd7 7. O-O Ne8 8. a4 f5 9. Bd2 a5 10. Qe1 b6 11. b4 axb4 12. Bxb4 Nef6 13. Qc3 Bxb4 14. Qxb4 Nc5 15. a5 Ng4 16. Nbd2 bxa5 17. Rxa5 Rxa5 18. Qxa5 f4 19. exf4 Rxf4 20. h3 Nh6 21. Qa3 e4 22. Nd4 Qg5 23. Qe3 Bxh3 24. Qxh3 Qe5 25. Ne6 Rf6 26. Nxc5 Nf5 27. Nd7 1-0